Prodigy Math Game Pets - Statistics

General Stats
  • This quiz has been taken 46 times
    11 since last reset
  • The average score is 19 of 282
Answer Stats
ID (CDN) Pet % Correct
22 Luminex
43%
195 Solar
43%
72 Cloud Neek
29%
7 Dragic
29%
70 Forest Caller
29%
71 Forest Creator
29%
69 Forest Neek
29%
218 Frozzra
29%
34 Hotpot
29%
122 Ice Neek
29%
80 Keeper
29%
132 Luma
29%
21 Lumiot
29%
145 Mermina
29%
98 Mimic
29%
1 Peeko
29%
2 Rack-rack
29%
228 Regalaxy
29%
66 River Neek
29%
139 Sproot
29%
59 TripTrop
29%
142 Wott
29%
14 Acromi
14%
203 Angler
14%
147 Aquamarina
14%
121 Arachex
14%
120 Aracute
14%
53 Arboreal
14%
127 Arctursus
14%
48 Ashlet
14%
100 Beneel
14%
125 Big Hex
14%
13 Browl
14%
135 Brumble
14%
94 Burnewt
14%
206 Buzzra
14%
136 Charfoal
14%
60 ClipClop
14%
90 Cloaker
14%
73 Cloud Caller
14%
74 Cloud Creator
14%
57 Cloud Gobbler
14%
56 Cloud Nibbler
14%
227 Cometti
14%
47 Crookfang
14%
146 Cuddlefin
14%
128 Diveodile
14%
8 Dragling
14%
189 Drenchor
14%
133 Eclipse
14%
101 Fathom
14%
233 Fay
14%
64 Flame Caller
14%
65 Flame Creator
14%
63 Flame Neek
14%
126 Florafox
14%
3 Flyger
14%
99 Funkeel
14%
46 Gnawdy
14%
149 Hail-Tail
14%
84 Hob
14%
123 Ice Caller
14%
124 Ice Creator
14%
137 Inferneigh
14%
205 Leviathan
14%
226 Llavama
14%
43 Lucentail
14%
20 Luminite
14%
209 Luna
14%
158 Magmayhem
14%
129 Magmischief
14%
251 Muckingo
14%
31 Muckster
14%
37 Mystember
14%
155 Mysticle
14%
36 Mystile
14%
156 Mysty
14%
171 Nebula
14%
29 Pomprikle
14%
75 Puck
14%
67 River Caller
14%
68 River Creator
14%
78 Rukus
14%
52 Saplette
14%
81 Scally
14%
225 Scarrow
14%
26 Serrazag
14%
234 Serrazeg
14%
28 Serrazig
14%
92 Shade
14%
219 Shimmerstorm
14%
49 Smoldash
14%
148 Snowfluff
14%
5 Solarix
14%
172 Sop
14%
32 Sprike
14%
27 Sprite
14%
18 Squawks
14%
11 Stellara
14%
253 Stellarion
14%
252 Stello
14%
9 Tarragon
14%
12 Telluria
14%
254 Tellurion
14%
10 Telluro
14%
88 Tempest
14%
19 Tribeak
14%
165 Vegabloom
14%
54 Vinequeen
14%
243 Vipercuffs
14%
299 Aegir
0%
274 Aldergasp
0%
151 Applepot
0%
167 Aquadile
0%
119 Aquariot
0%
33 Aquaster
0%
318 Arachops
0%
91 Arbite
0%
50 Arcticlaw
0%
272 Arctiqueen
0%
166 Arcturion
0%
244 Aspfear
0%
198 Barkbarian
0%
116 Bashbot
0%
17 Battabash
0%
16 Battaram
0%
117 Batterbot
0%
115 Bitbot
0%
188 Blastrout
0%
164 Blast Star
0%
245 Blazebloom
0%
268 Blazerose
0%
157 Blizzhared
0%
221 Bonamite
0%
222 Bonasaur
0%
249 Boreas
0%
300 Brennen
0%
140 Budbeak
0%
324 Bunscarf
0%
267 Calibud
0%
287 Celestorn
0%
308 Cerenox
0%
269 Charratah
0%
130 Chill & Char
0%
270 Chillpuff
0%
108 Claustro
0%
320 Cloud Inhaler
0%
210 Clovrat
0%
186 Coastail
0%
113 Cogmite
0%
58 Coldoe
0%
175 Cosmoster
0%
317 Crowlord
0%
174 Dampour
0%
238 Darksier
0%
182 Dim
0%
301 Draboon
0%
258 Dreamborn
0%
257 Dreamfry
0%
61 Dreamlet
0%
236 Dryad
0%
200 Duskclaw
0%
97 Embershed
0%
230 Embright
0%
38 Emburn
0%
118 Fishbol
0%
82 Fissural
0%
304 Flambe
0%
45 Flameger
0%
76 Flaria
0%
25 Flikflit
0%
173 Fludal
0%
89 Flurrious
0%
51 Frostfang
0%
150 Frostjaw
0%
185 Gatorain
0%
114 Gearsite
0%
322 Geist
0%
319 Gemback
0%
179 Glaishell
0%
197 Glimmerwing
0%
183 Gloomkin
0%
42 Gloricious
0%
239 Gorshadow
0%
192 Gryphroom
0%
215 Gryphtopus
0%
41 Highfawn
0%
208 Hydroid
0%
323 Icepelt
0%
77 Ignios
0%
202 Illumicase
0%
96 Infernewt
0%
298 Intitalk
0%
305 Ironkiln
0%
196 Jack-o-Sprike
0%
217 Jebrella
0%
280 Jellegant
0%
216 Jellish
0%
231 Lioglow
0%
39 Liosen
0%
160 Lumibolt
0%
255 Lumijolt
0%
256 Lumivolt
0%
204 Lurker
0%
193 Magnome
0%
194 Magolem
0%
271 Mantafrost
0%
232 Meloduet
0%
220 Merahawk
0%
250 Muckeye
0%
286 Mystarr
0%
35 Mystyyk
0%
303 Nautitronic
0%
15 Nebluff
0%
86 Nebulite
0%
275 Oakbark
0%
235 Phanto
0%
224 Plushkin
0%
107 Pokkit
0%
213 Polartide
0%
141 Pompalm
0%
44 Prismtongue
0%
110 Pterrocks
0%
109 Pterrotell
0%
199 Pyrodile
0%
138 Pyromane
0%
302 Rattlefang
0%
62 Rimehoof
0%
169 Riptide
0%
187 Scovile
0%
83 Sentinel
0%
265 Serrazap
0%
248 Serrazug
0%
310 Shadoflash
0%
240 Shadoheart
0%
309 Shadopuff
0%
201 Shadowfang
0%
79 Shardic
0%
168 Shiver & Scorch
0%
307 Shiverstag
0%
134 Shivertusk
0%
95 Singenewt
0%
247 Skadi
0%
306 Sleetfoot
0%
266 Sleipnir
0%
40 Snoots
0%
6 Solarasis
0%
4 Soral
0%
93 Spectral
0%
30 Spindle
0%
277 Splashbot
0%
207 Splash & Spark
0%
278 Splatterbot
0%
276 Splishbit
0%
103 Squabble
0%
87 Squally
0%
104 Squarrel
0%
102 Squibble
0%
106 Stampeed
0%
285 Starcolt
0%
177 Stormbeaks
0%
229 Stormbluff
0%
176 Stormlet
0%
170 Sunra
0%
184 Tenebris
0%
111 Terromite
0%
112 Terrosaur
0%
131 Tidus
0%
23 Tinyger
0%
178 Tortice
0%
105 Trampel
0%
191 Trondle
0%
190 Troprikle
0%
55 Truckle
0%
321 Tundrift
0%
24 Tyscout
0%
144 Vamplifier
0%
211 Vermeadow
0%
85 Wick
0%
273 Willowsigh
0%
264 Zing
0%
143 Zipzap
0%
No matching quizzes found
Score Distribution
Percent of People with Each Score
Percentile by Number Answered
Your Score History
You have not taken this quiz since the last reset